000 00665nam a22002177a 4500
005 20251108171837.0
008 250721s1992 xx 000 0 ara d
082 1 4 _aط/ق/لند
100 1 _aلندن، جاك
245 1 0 _aالناب الأبيض /
264 1 _aالقاهرة :
_bالشركة المصرية،
_c1992.
300 _a110ص
490 0 _aالسنابل : المغامرات المثيرة
650 1 7 _aالأدب المترجم
650 1 7 _aالقصص
650 1 7 _aأدب الأطفال
653 _aمرحلة ناشؤون صغار (10-14) سنة
700 1 _aنصيف، نسيم
_eرسم
942 _2ddc
_cBK
999 _c64084
_d64084